000 00417pam a2200169 a 4500
020 _a0061406910
_c
041 _aeng
082 _a576
_bDAV
100 _aDavis, B D.
245 _aMicrobiology
_hTextual Documents
250 _a3rd ed.
260 _aNew York
_bHarper and Row Publishers
_c1980
300 _a1355.
653 _aMicrobiology
700 _aDulbecco, R.
_aEisen, H N.
_aGinsberg, H S.
930 _a2659
999 _c75940
_d75940